| 000 | 01655cam a22004574i 4500 | ||
|---|---|---|---|
| 003 | PE-LiUPU | ||
| 005 | 20250731173104.0 | ||
| 008 | 180817s1988 ilu r 000 0ceng | ||
| 035 | _a(Sirsi) i9780896934238 | ||
| 040 |
_aPE-LiUPU _bspa _cPE-LiUPU _erda |
||
| 020 | _a9780896934238 | ||
| 008 | 110719s2011 sp a 000 0 spa d | ||
| 020 | _a0896934233 | ||
| 082 | 0 | 0 |
_a226.60922 _bF58 _220 |
| 049 | _aPRUA | ||
| 100 | 1 |
_aFlynn, Leslie B, _eautor. |
|
| 245 | 1 | 4 |
_aThe other twelve / _cLeslie B. Flynn. |
| 300 |
_a166 páginas ; _c20 centímetros. |
||
| 336 |
_atext _2rdacontent |
||
| 337 |
_aunmediated _2rdamedia |
||
| 338 |
_avolume _2rdacarrier |
||
| 505 | 0 | _aStephen, the martyr -- Barnabas, the supporter -- Mark, the restored -- James, the Lord's brother -- Titus, the troubleshooter -- Silas, the team player -- Timothy, the understudy -- Luke, the physician -- Aquila and Priscilla, the tutors -- Apollos, the orator -- Philip, the evangelist -- Demas, the defector. | |
| 526 | _aSEG42 | ||
| 526 | _aSEG41 | ||
| 526 | _aSEG40 | ||
| 526 | _aSEG39 | ||
| 526 | _aP94 | ||
| 526 | _aP87 | ||
| 526 | _aP86 | ||
| 526 | _aP85 | ||
| 526 | _aP77 | ||
| 526 | _aP76 | ||
| 526 | _aP35 | ||
| 910 |
_adbm _bksl _cksl _d20180817 |
||
| 942 |
_2ddc _cBOOK |
||
| 994 |
_aC0 _bPEPRUE |
||
| 596 | _a1 | ||
| 999 |
_a226.60922 F58 _wLC _c28872 _i79215 _f2021-11-9 _g4 _lCCODEBUL1 _mBUL _p10.00 _r0 _sY _tBOOK _u2018-3-6 _xTEOLOGIA _PP35 _0COMPRA _o.STAFF. Colección Teología _d28872 |
||
| 264 |
_aWheaton : _bVictor Books, _c1988. |
||
| 980 |
_81 _gALBERTO SANCHEZ Responsable de Automatización |
||